<?xml version="1.0" encoding="UTF-8"?>
<collection xmlns="http://www.loc.gov/MARC21/slim">
 <record>
  <leader>02035pam a22002418a 4500</leader>
  <controlfield tag="001">00020285</controlfield>
  <controlfield tag="005">20171026081025.0</controlfield>
  <controlfield tag="008">110516s2005                  ||||||Viesd</controlfield>
  <datafield tag="041" ind1="0" ind2="#">
   <subfield code="a">Vie</subfield>
  </datafield>
  <datafield tag="082" ind1="1" ind2="4">
   <subfield code="a">512</subfield>
   <subfield code="b">QU600H</subfield>
  </datafield>
  <datafield tag="100" ind1="0" ind2="#">
   <subfield code="a">Phí Mạnh Ban</subfield>
  </datafield>
  <datafield tag="245" ind1="0" ind2="0">
   <subfield code="a">Quy hoạch tuyến tính</subfield>
   <subfield code="b">Sách dành cho CĐSP</subfield>
   <subfield code="c">Phí Mạnh Ban</subfield>
  </datafield>
  <datafield tag="260" ind1="#" ind2="#">
   <subfield code="b">ĐH Sư phạm</subfield>
   <subfield code="c">2005</subfield>
   <subfield code="a">H.</subfield>
  </datafield>
  <datafield tag="300" ind1="#" ind2="#">
   <subfield code="c">24 cm.</subfield>
   <subfield code="a">194 tr.</subfield>
  </datafield>
  <datafield tag="500" ind1="#" ind2="#">
   <subfield code="a">Sách nhà nước đặt hàng</subfield>
  </datafield>
  <datafield tag="650" ind1="#" ind2="4">
   <subfield code="a">Giáo trình</subfield>
  </datafield>
  <datafield tag="650" ind1="#" ind2="4">
   <subfield code="a">Quy hoạch tuyến tính</subfield>
  </datafield>
  <datafield tag="852" ind1="#" ind2="#">
   <subfield code="b">Kho giáo trình</subfield>
   <subfield code="j">KGT.0002222, KGT.0002223, KGT.0002224, KGT.0002225, KGT.0002226, KGT.0002227, KGT.0002228, KGT.0002229, KGT.0002230, KGT.0002231, KGT.0002232, KGT.0002233, KGT.0002234, KGT.0002235, KGT.0002236, KGT.0002237, KGT.0002238, KGT.0002239, KGT.0002240, KGT.0002241, KGT.0002242, KGT.0002243, KGT.0002244, KGT.0002245, KGT.0002246, KGT.0002247, KGT.0002248, KGT.0002249, KGT.0002250, KGT.0002251, KGT.0002252, KGT.0002253, KGT.0002254, KGT.0002255, KGT.0002256, KGT.0002257, KGT.0002258, KGT.0002259, KGT.0002260, KGT.0002261, KGT.0002262, KGT.0002263, KGT.0002264, KGT.0002265, KGT.0002266, KGT.0002267, KGT.0002268, KGT.0032906</subfield>
  </datafield>
  <datafield tag="852" ind1="#" ind2="#">
   <subfield code="b">Kho mượn</subfield>
   <subfield code="j">KGT.0002222</subfield>
  </datafield>
  <datafield tag="852" ind1="#" ind2="#">
   <subfield code="b">Kho đọc</subfield>
   <subfield code="j">KD.0005780</subfield>
  </datafield>
  <datafield tag="852" ind1="#" ind2="#">
   <subfield code="j">KGT.0002223</subfield>
   <subfield code="j">KGT.0002224</subfield>
   <subfield code="j">KGT.0002226</subfield>
   <subfield code="j">KGT.0002229</subfield>
   <subfield code="j">KGT.0002231</subfield>
   <subfield code="j">KGT.0002232</subfield>
   <subfield code="j">KGT.0002234</subfield>
   <subfield code="j">KGT.0002235</subfield>
   <subfield code="j">KGT.0002239</subfield>
   <subfield code="j">KGT.0002240</subfield>
   <subfield code="j">KGT.0002242</subfield>
   <subfield code="j">KGT.0002243</subfield>
   <subfield code="j">KGT.0002245</subfield>
   <subfield code="j">KGT.0002248</subfield>
   <subfield code="j">KGT.0002250</subfield>
   <subfield code="j">KGT.0002251</subfield>
   <subfield code="j">KGT.0002253</subfield>
   <subfield code="j">KGT.0002254</subfield>
   <subfield code="j">KGT.0002258</subfield>
   <subfield code="j">KGT.0002259</subfield>
   <subfield code="j">KGT.0002261</subfield>
   <subfield code="j">KGT.0002262</subfield>
   <subfield code="j">KGT.0002267</subfield>
   <subfield code="j">KGT.0002268</subfield>
   <subfield code="j">KGT.0032906</subfield>
   <subfield code="j">KGT.0002228</subfield>
   <subfield code="j">KGT.0002236</subfield>
   <subfield code="j">KGT.0002237</subfield>
   <subfield code="j">KGT.0002247</subfield>
   <subfield code="j">KGT.0002255</subfield>
   <subfield code="j">KGT.0002256</subfield>
   <subfield code="j">KGT.0002265</subfield>
   <subfield code="j">KD.0005780</subfield>
   <subfield code="j">KGT.0002222</subfield>
   <subfield code="j">KGT.0002225</subfield>
   <subfield code="j">KGT.0002227</subfield>
   <subfield code="j">KGT.0002230</subfield>
   <subfield code="j">KGT.0002233</subfield>
   <subfield code="j">KGT.0002238</subfield>
   <subfield code="j">KGT.0002241</subfield>
   <subfield code="j">KGT.0002244</subfield>
   <subfield code="j">KGT.0002246</subfield>
   <subfield code="j">KGT.0002249</subfield>
   <subfield code="j">KGT.0002252</subfield>
   <subfield code="j">KGT.0002257</subfield>
   <subfield code="j">KGT.0002260</subfield>
   <subfield code="j">KGT.0002263</subfield>
   <subfield code="j">KGT.0002264</subfield>
   <subfield code="j">KGT.0002266</subfield>
  </datafield>
  <datafield tag="910" ind1="0" ind2="#">
   <subfield code="a">nhnam</subfield>
   <subfield code="d">16/05/2011</subfield>
  </datafield>
  <datafield tag="980" ind1="#" ind2="#">
   <subfield code="a">Trung tâm Học liệu Lê Vũ Hùng, Trường Đại học Đồng Tháp</subfield>
  </datafield>
 </record>
</collection>
